header

Poverty, urbanity and social policy (Record no. 170202)

MARC details
000 -LEADER
fixed length control field 01459nam a2200373Ia 4500
082 04 - DEWEY DECIMAL CLASSIFICATION NUMBER
Classification number 362.7
245 00 - TITLE STATEMENT
Title Poverty, urbanity and social policy
260 ## - PUBLICATION, DISTRIBUTION, ETC. (IMPRINT)
Place of publication New York :
Name of publisher Nova Science Publishers,
Year of publication c2009.
300 ## - PHYSICAL DESCRIPTION
Number of Pages xiv, 211 p. :
Other physical details ill.
650 #0 - SUBJECT ADDED ENTRY--TOPICAL TERM
Topical Term Poverty
Topical Term Poverty
Topical Term Urban policy
Topical Term Urban policy
700 1# - ADDED ENTRY--PERSONAL NAME
Personal name Aldukaite, Jolanta.
856 40 - ELECTRONIC LOCATION AND ACCESS
Uniform Resource Identifier http://site.ebrary.com/lib/rucke/Doc?id=10660201

No items available.

© 2026 Rongo University
Contact us: librarian | system librarian | Rongo university